| 000 | 00000nas 2200000za 4500 |
| 001 | 9.505125 |
| 003 | CaOODSP |
| 005 | 20241203113633 |
| 007 | cr ||||||||||| |
| 008 | 150406c20069999oncux m o||||f| |0eng|d |
| 040 | |aCaOODSP|beng |
| 043 | |an-cn--- |
| 086 | 1 |aEn3-5E-PDF |
| 110 | 1 |aCanada. |bEnvironment Canada. |
| 245 | 10|aSpecies at Risk Act management plan series |h[electronic resource] / |cIssued jointly with Fisheries and Oceans Canada. |
| 260 | |aOttawa : |bEnvironment Canada, |c2006- |
| 310 | |aIrregular |
| 710 | 1 |aCanada. |bDepartment of Fisheries and Oceans. |
| 775 | 08|tLoi sur les espèces en péril, série de Plans de gestion |w(CaOODSP)9.501525 |